Sports Quiz

Random Sports or NFL Quiz

NFL - Most Career Punting Yards Quiz Stats

 Plays Quiz not verified by Sporcle

Challenge
Share
Tweet
Score 0/49 Timer 12:00
0 Plays Today
Yards Punter % Correct
44,493Ray Guy
86.4%
60,707Sean Landeta
74.2%
42,951Reggie Roby
71.2%
44,389Shane Lechler
69.7%
51,979Lee Johnson
68.2%
71,211Jeff Feagles
63.6%
33,069Andy Lee
43.9%
34,019David Lee
42.4%
47,567Dave Jennings
34.8%
56,021Brad Maynard
33.3%
46,139Jerrel Wilson
33.3%
48,414Matt Turk
31.8%
39,208Todd Sauerbrun
31.8%
49,471Rohn Stark
30.3%
37,862Tom Tupa
30.3%
36,316Darren Bennett
30.3%
37,177Brian Moorman
28.8%
32,297Josh Miller
28.8%
50,336Chris Gardocki
27.3%
49,281Craig Hentrich
22.7%
46,570Chris Mohr
22.7%
47,641Bryan Barker
21.2%
41,317Bobby Joe Green
21.2%
31,345Scott Player
21.2%
43,895Rich Camarillo
19.7%
Yards Punter % Correct
43,992John James
18.2%
33,285Greg Coleman
18.2%
42,286Mike Horan
16.7%
34,097Jason Baker
16.7%
42,072Dan Stryzinski
15.2%
37,213Nick Harris
15.2%
37,469Tommy Barnhardt
15.2%
35,189Tom Rouen
15.2%
40,529Bobby Walden
13.6%
44,700Brian Hansen
12.1%
38,949Mike Bragg
12.1%
47,021Mark Royals
10.6%
36,637Jim Arnold
10.6%
36,363Mitch Berger
10.6%
32,087John Jett
10.6%
32,190Rick Tuten
9.1%
31,710Josh Bidwell
9.1%
40,569Jeff Gossett
7.6%
39,716John Kidd
7.6%
34,180Bob Parsons
7.6%
33,887Mike Saxon
7.6%
33,794Tom Blanchard
6.1%
33,137Paul Maguire
6.1%
31,221Louis Aguiar
6.1%

You're not logged in!

Compare scores with friends on all Sporcle quizzes.
Join for Free
OR
Log In

You Might Also Like...

Show Comments

Extras

Top Quizzes Today


Score Distribution

Your Account Isn't Verified!

In order to create a playlist on Sporcle, you need to verify the email address you used during registration. Go to your Sporcle Settings to finish the process.

Report this User

Report this user for behavior that violates our Community Guidelines.

Details: